[Event "DEM U12/U12w 2004"]
[Site "Willingen GER"]
[Date "2004.06.04"]
[Round "10"]
[White "Huschenbeth, Niclas"]
[Black "Graf, Felix"]
[Result "0-1"]
[Termination "normal"]
[Board "2"]
[WhiteElo "2100"]
[BlackElo "2056"]
[PlyCount "139"]
[WhiteFideId "24604747"]
[BlackFideId "24608904"]
[EventCountry "GER"]
[EventRounds "11"]
[EventType "swiss"]
[EventDate "2004.05.29"]

1. e4 e6 2. d4 d5 3. Nc3 Bb4 4. e5 Ne7 5. Nf3 c5 6. a3 Bxc3+ 7. bxc3 Qc7 8. Bd3
c4 9. Be2 Bd7 10. a4 Qa5 11. Bd2 Nbc6 12. O-O O-O-O 13. Ng5 Rdf8 14. Nh3 h6 15.
Nf4 f5 16. Nh5 g6 17. Nf6 Ng8 18. Nxg8 Rfxg8 19. Qb1 Kb8 20. Rd1 g5 21. Qb2 Rg7
22. Rdb1 Be8 23. Qa3 Qd8 24. a5 Qe7 25. Qa2 a6 26. Bc1 Na7 27. Ba3 Qd7 28. Bd6+
Ka8 29. Qa3 Nb5 30. Qc5 Qc6 31. Qxc6 Bxc6 32. Bb4 h5 33. g3 Be8 34. Rf1 Bg6 35.
Rae1 f4 36. Bd1 Bf5 37. Kg2 g4 38. Rg1 f3+ 39. Kf1 h4 40. gxh4 Rgh7 41. h3 gxh3
42. Bxf3 Bxc2 43. Ke2 Rxh4 44. Kd2 Bf5 45. Rg7 h2 46. Bh1 Rh3 47. f3 R3h7 48.
Rg5 Rh6 49. Re2 Rg6 50. Reg2 Rxg5 51. Rxg5 Kb8 52. Rg7 Rh7 53. Rxh7 Bxh7 54.
Ke2 Kc7 55. Kf2 b6 56. Kg2 bxa5 57. Bxa5+ Kc6 58. Kxh2 Na3 59. f4 Kb5 60. Bb4
Nc2 61. Bf8 a5 62. Kg3 a4 63. Kg4 Bf5+ 64. Kg5 a3 65. Bxa3 Nxa3 66. Bxd5 Nb1
67. Bg2 Nxc3 68. d5 Ne4+ 69. Kh6 exd5 70. Bf1 {es folgte 70...c3 71.Kg7} 0-1

[Event "DEM U12/U12w 2004"]
[Site "Willingen GER"]
[Date "2004.06.04"]
[Round "10"]
[White "Zelbel, Patrick"]
[Black "Hirneise, Jens"]
[Result "1-0"]
[Termination "normal"]
[Board "3"]
[WhiteElo "1618"]
[BlackElo "1757"]
[PlyCount "129"]
[WhiteFideId "24624322"]
[BlackFideId "24614734"]
[EventCountry "GER"]
[EventRounds "11"]
[EventType "swiss"]
[EventDate "2004.05.29"]

1. e4 c5 2. c3 Nf6 3. e5 Nd5 4. d4 cxd4 5. Nf3 Nc6 6. cxd4 d6 7. exd6 Qxd6 8.
Nc3 g6 9. Be2 Bg7 10. O-O O-O 11. Be3 Bf5 12. Qb3 Nxc3 13. bxc3 b6 14. Rfd1
Rac8 15. Rac1 e6 16. c4 Rfd8 17. h3 Na5 18. Qa4 Qd7 19. Qxd7 Rxd7 20. Ng5 h6
21. Nf3 g5 22. g4 Bg6 23. c5 f5 24. cxb6 Rxc1 25. Rxc1 axb6 26. Ne5 Bxe5 27.
dxe5 Rd5 28. Rc8+ Kf7 29. f4 fxg4 30. Bxg4 gxf4 31. Bxf4 Rc5 32. Rxc5 bxc5 33.
Bxh6 Nc6 34. Bf4 Nb4 35. Be3 Nxa2 36. Bxc5 Nc3 37. Kg2 Nd5 38. Kg3 Nc3 39. Kf4
Bd3 40. Bf3 Bc2 41. Bd4 Nb5 42. Bb6 Nc3 43. Bd8 Nd5+ 44. Kg5 Ne3 45. Bh5+ Kg7
46. Bf6+ Kh7 47. Bf7 Bf5 48. h4 Ng4 49. h5 Nf2 50. Bg6+ Bxg6 51. hxg6+ Kg8 52.
Kf4 Nd3+ 53. Ke4 Nf2+ 54. Kd4 Nh3 55. Kc5 Nf4 56. g7 Kf7 57. Kd6 Ng6 58. Kc5
Nf4 59. Kc4 Nh5 60. Kd4 Nxg7 61. Bxg7 Kxg7 62. Kc5 Kg6 63. Kc6 Kg5 64. Kd7 Kf5
65. Kd6 1-0

[Event "DEM U12/U12w 2004"]
[Site "Willingen GER"]
[Date "2004.06.04"]
[Round "10"]
[White "Gadschisade, Machmud"]
[Black "Jorczik, Julian"]
[Result "1/2-1/2"]
[Termination "normal"]
[Board "4"]
[WhiteElo "1605"]
[BlackElo "1792"]
[PlyCount "124"]
[WhiteFideId "4647734"]
[BlackFideId "24611719"]
[EventCountry "GER"]
[EventRounds "11"]
[EventType "swiss"]
[EventDate "2004.05.29"]

1. e4 c5 2. Nf3 e6 3. d3 Nc6 4. g3 Nge7 5. Bg2 d5 6. Nbd2 g6 7. O-O Bg7 8. Re1
h6 9. Nf1 b6 10. h4 Bb7 11. e5 Qc7 12. Bf4 O-O-O 13. c3 Rdg8 14. Rc1 g5 15.
hxg5 Ng6 16. Bd2 Ncxe5 17. Nxe5 Nxe5 18. Bf4 hxg5 19. Bxg5 Qd7 20. d4 Nc4 21.
b3 Nd6 22. dxc5 bxc5 23. Be3 Ne4 24. Bxe4 dxe4 25. Qxd7+ Kxd7 26. Bxc5 e3 27.
f3 Bxf3 28. Rxe3 Bh6 29. Rxf3 Bxc1 30. Rxf7+ Kc6 31. Bd4 Rh6 32. Rxa7 Bf4 33.
Kf2 Bc7 34. b4 e5 35. Ra6+ Kd5 36. Rxh6 exd4 37. Rh5+ Kc4 38. cxd4 Kxb4 39. Rh7
Bb8 40. Rh6 Rf8+ 41. Ke3 Kb5 42. Rh1 Kb4 43. Rg1 Ka3 44. Nd2 Kxa2 45. Ne4 Kb3
46. g4 Kc4 47. Rc1+ Kd5 48. Rc5+ Ke6 49. d5+ Kd7 50. Rc6 Ba7+ 51. Nc5+ Bxc5+
52. Rxc5 Kd6 53. Rc4 Kxd5 54. Rf4 Rg8 55. Rf5+ Ke6 56. Kf4 Rd8 57. Kg5 Rg8+ 58.
Kh4 Rh8+ 59. Rh5 Ra8 60. Rh6+ Kf7 61. g5 Kg7 62. Kh5 Ra1 1/2-1/2

[Event "DEM U12/U12w 2004"]
[Site "Willingen GER"]
[Date "2004.06.04"]
[Round "10"]
[White "Mazarov, Jürgen"]
[Black "Mihok, Oliver"]
[Result "1-0"]
[Termination "normal"]
[Board "5"]
[WhiteElo "1743"]
[BlackElo "2074"]
[PlyCount "67"]
[WhiteFideId "24617768"]
[BlackFideId "728012"]
[EventCountry "GER"]
[EventRounds "11"]
[EventType "swiss"]
[EventDate "2004.05.29"]

1. e4 c5 2. Nf3 e6 3. d4 cxd4 4. Nxd4 Nc6 5. Nc3 Qc7 6. Nxc6 bxc6 7. Bd3 Nf6 8.
O-O d5 9. Kh1 Be7 10. Bd2 O-O 11. f4 Re8 12. e5 Nd7 13. Qh5 g6 14. Qh3 c5 15.
Be1 Qb6 16. b3 Ba6 17. Bxa6 Qxa6 18. Bh4 Bxh4 19. Qxh4 Kg7 20. a4 Qb6 21. Nb5
Qd8 22. Qh3 Rh8 23. Rad1 Nb6 24. Nd6 Qe7 25. f5 exf5 26. Rxf5 Raf8 27. Rdf1 Qe6
28. Rxf7+ Rxf7 29. Rxf7+ Qxf7 30. Nxf7 Kxf7 31. g3 h5 32. Qf1+ Kg7 33. Qf6+ Kh7
34. e6 1-0

[Event "DEM U12/U12w 2004"]
[Site "Willingen GER"]
[Date "2004.06.04"]
[Round "10"]
[White "Hobusch, Alexander"]
[Black "Fischer, Thomas"]
[Result "1/2-1/2"]
[Termination "normal"]
[Board "6"]
[WhiteElo "1735"]
[BlackElo "2041"]
[PlyCount "46"]
[WhiteFideId "24611387"]
[BlackFideId "4683277"]
[EventCountry "GER"]
[EventRounds "11"]
[EventType "swiss"]
[EventDate "2004.05.29"]

1. d4 d5 2. Nf3 Nf6 3. c4 e6 4. Nc3 c6 5. cxd5 exd5 6. Qc2 Bd6 7. Bg5 O-O 8. e3
h6 9. Bh4 Nbd7 10. Bd3 Re8 11. Bg3 Nf8 12. O-O Nh5 13. Bxd6 Qxd6 14. h3 Qf6 15.
Nh2 Qd6 16. Rab1 a5 17. a3 Ne6 18. b4 axb4 19. axb4 Nf6 20. Na4 b5 21. Nb6 Rb8
22. Nxc8 Rexc8 23. Qc3 Nd7 1/2-1/2

[Event "DEM U12/U12w 2004"]
[Site "Willingen GER"]
[Date "2004.06.04"]
[Round "10"]
[White "Korman, Maxim"]
[Black "Kachibadze, Georg"]
[Result "1-0"]
[Termination "normal"]
[Board "7"]
[WhiteElo "1719"]
[BlackElo "1865"]
[PlyCount "165"]
[WhiteFideId "24619787"]
[BlackFideId "24640794"]
[EventCountry "GER"]
[EventRounds "11"]
[EventType "swiss"]
[EventDate "2004.05.29"]

1. e4 c5 2. Nc3 Nc6 3. g3 g6 4. Bg2 Bg7 5. Nge2 e6 6. d3 Nge7 7. O-O O-O 8. Be3
d6 9. Qd2 Rb8 10. Bh6 b5 11. Bxg7 Kxg7 12. f4 d5 13. exd5 exd5 14. h3 b4 15.
Nd1 d4 16. g4 f5 17. g5 Be6 18. c4 bxc3 19. bxc3 Bd5 20. Bxd5 Qxd5 21. c4 Qd6
22. Nf2 Rb7 23. Rab1 Rfb8 24. Rxb7 Rxb7 25. Rc1 a5 26. Rc2 Qb8 27. Nd1 a4 28.
Rb2 a3 29. Rxb7 Qxb7 30. Nc1 Qb4 31. Qxb4 Nxb4 32. Kf2 Kf7 33. Ke2 Ke6 34. Kd2
Nc8 35. Ke2 Nb6 36. Kd2 Na4 37. Ke2 Nb2 38. Kd2 Kd6 39. Ke2 Kc6 40. Kd2 Kb6 41.
Ke2 Nc2 42. Nb3 Nxd1 43. Kxd1 Ne3+ 44. Ke2 Kc6 45. Nc1 Kc7 46. Nb3 Kb6 47. Kf3
Nd1 48. h4 Nc3 49. Nc1 Ka5 50. Kf2 Kb4 51. Ke1 Nb1 52. Ne2 Nc3 53. Nc1 Ka4 54.
Kd2 Ka5 55. Kc2 Kb4 56. Kd2 Na4 57. Kc2 Nb6 58. Kd2 Nd7 59. Kc2 Nf8 60. Kd2 Ka4
61. Kc2 Kb4 62. Kd2 Ka5 63. Kc2 Ka4 64. Kd2 Kb4 65. Kc2 Ne6 66. Ne2 Ng7 67. Kd2
Ne8 68. Kc2 Nd6 69. Nc1 Nxc4 70. dxc4 Kxc4 71. Kd2 Kd5 72. Nd3 c4 73. Ne5 Kc5
74. Nf3 Kd5 75. Ne5 Kc5 76. Nd7+ Kd5 77. Nf6+ Ke6 78. Nxh7 Kf7 79. Nf6 Ke6 80.
h5 gxh5 81. Nxh5 Kf7 82. Ng3 Kg6 83. Kc2 1-0

[Event "DEM U12/U12w 2004"]
[Site "Willingen GER"]
[Date "2004.06.04"]
[Round "10"]
[White "Schäfer, Alexander"]
[Black "Tkachuk, Konstantyn"]
[Result "1/2-1/2"]
[Termination "normal"]
[Board "8"]
[WhiteElo "1701"]
[BlackElo "1814"]
[PlyCount "94"]
[WhiteFideId "24615196"]
[BlackFideId "24647330"]
[EventCountry "GER"]
[EventRounds "11"]
[EventType "swiss"]
[EventDate "2004.05.29"]

1. e4 e5 2. Nf3 Nc6 3. Bb5 a6 4. Bxc6 dxc6 5. O-O f6 6. d4 Bg4 7. dxe5 Qxd1 8.
Rxd1 fxe5 9. Rd3 Bd6 10. Nbd2 Nf6 11. Nc4 O-O 12. Nfxe5 Be2 13. Re3 Bxc4 14.
Nxc4 Bc5 15. Re2 Rae8 16. Be3 Rxe4 17. Bxc5 Rxe2 18. Bxf8 Kxf8 19. Ne3 Ne4 20.
Rf1 b5 21. g3 c5 22. Kg2 Nd2 23. Rd1 c6 24. g4 c4 25. Nf5 c3 26. bxc3 Ne4 27.
Kf3 Nxc3 28. Rd8+ Re8 29. Rxe8+ Kxe8 30. Nxg7+ Kf7 31. Nf5 Nxa2 32. Ke3 Nb4 33.
c3 Nd5+ 34. Kd4 Nf6 35. g5 Nd7 36. f4 a5 37. Ne3 a4 38. h4 c5+ 39. Kd3 Ke6 40.
f5+ Ke5 41. g6 hxg6 42. fxg6 Nf6 43. g7 Ng8 44. Ng4+ Kf5 45. Nf2 Kg6 46. Ne4
c4+ 47. Kc2 Kxg7 1/2-1/2

[Event "DEM U12/U12w 2004"]
[Site "Willingen GER"]
[Date "2004.06.04"]
[Round "10"]
[White "Nuber, Blasius"]
[Black "Smolkina, Milana"]
[Result "0-1"]
[Termination "normal"]
[Board "9"]
[WhiteElo "1763"]
[BlackElo "1678"]
[PlyCount "120"]
[WhiteFideId "24620289"]
[BlackFideId "24618780"]
[EventCountry "GER"]
[EventRounds "11"]
[EventType "swiss"]
[EventDate "2004.05.29"]

1. e4 c5 2. Nf3 d6 3. d4 cxd4 4. Nxd4 Nf6 5. Nc3 g6 6. Be3 Bg7 7. f3 Nc6 8. Bc4
O-O 9. Qd2 Bd7 10. O-O-O Rc8 11. Bb3 Ne5 12. h4 Qa5 13. h5 Nc4 14. Bxc4 Rxc4
15. hxg6 fxg6 16. Nb3 Qa6 17. Bh6 Bxh6 18. Qxh6 Be6 19. Nd4 Bd7 20. Nd5 Rf7 21.
Kb1 Nxd5 22. exd5 Ra4 23. a3 Qb6 24. Nb3 Bf5 25. Nd2 Qb4 26. g4 Bd7 27. c4 Qb6
28. Ka2 Qc5 29. Rhe1 b5 30. Qe3 Qxe3 31. Rxe3 bxc4 32. Re4 Kf8 33. Rf1 Bb5 34.
Kb1 g5 35. Kc2 c3 36. Rxa4 cxd2 37. Rxa7 Bxf1 38. Ra8+ Kg7 39. a4 Rxf3 40. Kxd2
Rf4 41. Re8 Re4 42. a5 Re5 43. Kc3 Kf7 44. Rh8 Rxd5 45. Rxh7+ Kf6 46. b4 Rd3+
47. Kb2 Rd4 48. Kb3 Rxg4 49. Ka4 Re4 50. Rh2 d5 51. a6 Bxa6 52. Rh6+ Kf5 53.
Rxa6 g4 54. Kb3 g3 55. Ra2 Kf4 56. b5 Re6 57. Kb4 Kf3 58. Kc5 g2 59. Ra1 Kf2
60. Kxd5 Rd6+ 0-1

[Event "DEM U12/U12w 2004"]
[Site "Willingen GER"]
[Date "2004.06.04"]
[Round "10"]
[White "Kordts, Florian"]
[Black "Schrödter, Thomas"]
[Result "1/2-1/2"]
[Termination "normal"]
[Board "10"]
[WhiteElo "1669"]
[BlackElo "1827"]
[PlyCount "165"]
[WhiteFideId "24626856"]
[EventCountry "GER"]
[EventRounds "11"]
[EventType "swiss"]
[EventDate "2004.05.29"]

1. c4 Nf6 2. Nc3 e6 3. g3 d5 4. Bg2 c6 5. b3 Bd6 6. Nf3 O-O 7. O-O Nbd7 8. d4
b6 9. Qc2 Bb7 10. e4 dxe4 11. Nxe4 Nxe4 12. Qxe4 Nf6 13. Qh4 Rc8 14. Bb2 Be7
15. Qf4 c5 16. dxc5 Rxc5 17. Rad1 Qa8 18. Ne1 Bxg2 19. Nxg2 Rf5 20. Qc7 Bc5 21.
Bxf6 Rxf6 22. Nf4 Qf3 23. Rd3 Qe4 24. Rd7 e5 25. Nd3 Bd4 26. Rd8 g6 27. Qe7
Rxd8 28. Qxf6 Re8 29. Nb4 Re6 30. Qg5 Qe2 31. a4 Bxf2+ 32. Rxf2 Qe1+ 33. Kg2
Qxb4 34. Qd8+ Kg7 35. Qd7 Qe7 36. Rd2 e4 37. Qxe7 Rxe7 38. Re2 f5 39. Rd2 Kf6
40. Kf1 Ke6 41. Ke2 Rd7 42. Rc2 Rd3 43. Rb2 Kd6 44. b4 Rc3 45. Rd2+ Kc7 46. Rd4
Rc2+ 47. Ke3 Rxh2 48. g4 fxg4 49. Rxe4 Kd6 50. Rxg4 Rh3+ 51. Kd4 Ra3 52. a5
bxa5 53. b5 Rf3 54. c5+ Kc7 55. Re4 Rf7 56. Ke3 g5 57. Ra4 Rf5 58. Rxa5 Kb8 59.
Kd4 g4 60. Ra1 h5 61. Rg1 Rg5 62. b6 axb6 63. cxb6 Kb7 64. Ke4 Kxb6 65. Kf4 Rb5
66. Kg3 Kc6 67. Kh4 Kd6 68. Re1 Re5 69. Rf1 Ke6 70. Rf8 Rf5 71. Re8+ Kd5 72.
Rd8+ Ke4 73. Ra8 Kf3 74. Ra3+ Kg2 75. Ra2+ Rf2 76. Ra3 Rf3 77. Ra2+ Kf1 78.
Ra1+ Ke2 79. Kxh5 g3 80. Ra2+ Kf1 81. Kg4 Rf2 82. Ra1+ Kg2 83. Ra3 1/2-1/2

[Event "DEM U12/U12w 2004"]
[Site "Willingen GER"]
[Date "2004.06.04"]
[Round "10"]
[White "Oltzen, Samuel"]
[Black "Kaphle, Stephan"]
[Result "0-1"]
[Termination "normal"]
[Board "11"]
[WhiteElo "1389"]
[BlackElo "1597"]
[PlyCount "80"]
[BlackFideId "24629103"]
[EventCountry "GER"]
[EventRounds "11"]
[EventType "swiss"]
[EventDate "2004.05.29"]

1. e4 e6 2. d4 c5 3. c3 d5 4. exd5 Qxd5 5. Nf3 Nc6 6. Be2 Nf6 7. O-O Be7 8. h3
O-O 9. Be3 b6 10. Nbd2 Bb7 11. Nb3 cxd4 12. cxd4 Rac8 13. Nc1 Rfd8 14. b3 b5
15. Nd3 a6 16. Nf4 Qd6 17. g3 Nd5 18. Nd3 Bf6 19. Nc5 Nxe3 20. Nxb7 Nxd1 21.
Nxd6 Rxd6 22. Raxd1 Rcd8 23. Rd2 Nxd4 24. Nxd4 Bxd4 25. Rc2 Kf8 26. Kg2 Bf6 27.
g4 Rd2 28. Rfc1 Ke8 29. a4 Rxc2 30. Rxc2 bxa4 31. bxa4 Rd6 32. Rc8+ Bd8 33. Ra8
a5 34. Bb5+ Ke7 35. f3 Kf6 36. Kf2 Bb6+ 37. Kg3 Rd2 38. Ra6 Bf2+ 39. Kf4 g5+
40. Ke4 Rd4# 0-1

[Event "DEM U12/U12w 2004"]
[Site "Willingen GER"]
[Date "2004.06.04"]
[Round "10"]
[White "Specht, Christian"]
[Black "Doberitz, Paul"]
[Result "1-0"]
[Termination "normal"]
[Board "12"]
[WhiteElo "1471"]
[BlackElo "1576"]
[PlyCount "109"]
[WhiteFideId "24647985"]
[BlackFideId "24646130"]
[EventCountry "GER"]
[EventRounds "11"]
[EventType "swiss"]
[EventDate "2004.05.29"]

1. e4 c5 2. Nf3 d6 3. d4 cxd4 4. Nxd4 Nf6 5. Nc3 g6 6. Be3 Bg7 7. f3 O-O 8. Qd2
Nc6 9. Bc4 Bd7 10. O-O-O Qa5 11. h4 Rfc8 12. Bb3 Ne5 13. Kb1 Nc4 14. Bxc4 Rxc4
15. h5 Nxh5 16. g4 Nf6 17. Bh6 Bh8 18. Nb3 Qc7 19. Bg5 Rc8 20. e5 Ne8 21. Nd5
Rxc2 22. Nxc7 Rxd2 23. Rxd2 Rxc7 24. exd6 exd6 25. Bf4 Be5 26. Bxe5 dxe5 27.
Rc1 Rxc1+ 28. Kxc1 Bc6 29. Rd8 Kf8 30. Nd2 Ke7 31. Rd3 h5 32. gxh5 gxh5 33. Re3
Kf6 34. Nc4 Ng7 35. Nxe5 Nf5 36. Re2 Nd4 37. Re3 Nf5 38. Re1 h4 39. Nxc6 bxc6
40. Rh1 Kg5 41. Kd2 Kf4 42. Rh3 f6 43. Ke2 Ke5 44. Kf2 Kf4 45. Rh1 Ke5 46. Re1+
Kd5 47. Re8 Kc5 48. Re6 Nd6 49. Rxf6 Nc4 50. b3 Nb2 51. Ke2 a5 52. Rh6 a4 53.
Rxh4 axb3 54. axb3 Kb5 55. Kd2 1-0

[Event "DEM U12/U12w 2004"]
[Site "Willingen GER"]
[Date "2004.06.04"]
[Round "10"]
[White "Schmitt, Philipp"]
[Black "Blübaum, Johanna"]
[Result "0-1"]
[Termination "normal"]
[Board "14"]
[WhiteElo "1691"]
[BlackElo "1443"]
[PlyCount "178"]
[WhiteFideId "24641766"]
[BlackFideId "24647373"]
[EventCountry "GER"]
[EventRounds "11"]
[EventType "swiss"]
[EventDate "2004.05.29"]

1. e4 e6 2. d4 d5 3. exd5 exd5 4. Bd3 c5 5. Nf3 Bg4 6. O-O c4 7. Be2 Bd6 8. h3
Bh5 9. Re1 Ne7 10. Bg5 f6 11. Bh4 O-O 12. Bg3 Bxg3 13. fxg3 Nbc6 14. c3 Re8 15.
Nbd2 Nf5 16. Nf1 Nd6 17. Nh4 Bxe2 18. Rxe2 Ne4 19. Qc2 Qc7 20. Kh2 Re6 21. Rae1
Rae8 22. Nf3 Ne7 23. N3d2 f5 24. Nxe4 fxe4 25. Rf2 Rg6 26. Qd2 Rf8 27. Rxf8+
Kxf8 28. Qf4+ Qxf4 29. gxf4 Rf6 30. g3 g5 31. fxg5 Rf2+ 32. Kg1 Rxb2 33. a4 Rc2
34. Rb1 b6 35. a5 Rxc3 36. axb6 axb6 37. Rxb6 Rf3 38. Rb2 Nf5 39. Rb5 Nxg3 40.
Nxg3 Rxg3+ 41. Kf2 Rxg5 42. Rc5 h5 43. h4 Rf5+ 44. Ke2 Ke7 45. Ra5 Kd6 46. Ra6+
Kc7 47. Ra5 Kc6 48. Ra6+ Kb5 49. Rd6 Kb4 50. Kd2 c3+ 51. Kc1 Kc4 52. Ra6 Kd3
53. Kb1 c2+ 54. Kb2 Kd2 55. Ra1 Rf8 56. Rh1 Rb8+ 57. Ka2 c1=Q 58. Rh2+ Kc3 59.
Rh3+ Kc4 60. Rc3+ Kxd4 61. Rxc1 Re8 62. Rd1+ Kc5 63. Kb3 d4 64. Kc2 d3+ 65. Kc3
e3 66. Kxd3 Rd8+ 67. Ke2 Rxd1 68. Kxd1 Kd4 69. Ke2 Ke4 70. Ke1 Kf3 71. Kf1 Kg3
72. Ke2 Kxh4 73. Kxe3 Kg3 74. Ke2 Kg2 75. Ke3 h4 76. Kf4 h3 77. Ke4 h2 78. Kd5
h1=Q 79. Kd4 Qh5 80. Ke4 Qg5 81. Kd4 Qf5 82. Ke3 Kg3 83. Kd4 Kf3 84. Kc4 Qe5
85. Kd3 Qd5+ 86. Kc3 Ke3 87. Kc2 Qc4+ 88. Kd1 Qa2 89. Kc1 Kd3 0-1

[Event "DEM U12/U12w 2004"]
[Site "Willingen GER"]
[Date "2004.06.04"]
[Round "10"]
[White "Colpe, Malte"]
[Black "Endress, Anna"]
[Result "1-0"]
[Termination "normal"]
[Board "15"]
[WhiteElo "1520"]
[BlackElo "1755"]
[PlyCount "81"]
[WhiteFideId "24623075"]
[BlackFideId "24629472"]
[EventCountry "GER"]
[EventRounds "11"]
[EventType "swiss"]
[EventDate "2004.05.29"]

1. d4 d5 2. c4 e6 3. Nc3 Nf6 4. Nf3 c6 5. Bg5 Nbd7 6. e3 Qa5 7. Bxf6 Nxf6 8.
Nd2 Bb4 9. Qc2 O-O 10. Bd3 Bd6 11. f4 Bd7 12. O-O h6 13. c5 Be7 14. a3 Qc7 15.
b4 b5 16. a4 a6 17. Ra3 Ng4 18. Rf3 f5 19. h3 Nf6 20. Qa2 Qb7 21. Rf1 Ne8 22.
axb5 cxb5 23. Ra1 Nc7 24. Nf3 Bf6 25. Ne2 Qc8 26. Ne5 Bxe5 27. dxe5 Bc6 28. Nd4
Qd7 29. Qe2 Rfe8 30. g4 g6 31. gxf5 exf5 32. Kh2 Kh7 33. Rg1 Ne6 34. Nxf5 Nxf4
35. exf4 gxf5 36. Qh5 Re6 37. Bxf5+ Kh8 38. Bxe6 Qxe6 39. Rg6 Qd7 40. Rxh6+ Kg8
41. Rh8+ 1-0

[Event "DEM U12/U12w 2004"]
[Site "Willingen GER"]
[Date "2004.06.04"]
[Round "10"]
[White "Jussupow, Alexander"]
[Black "Park, Johannes"]
[Result "1-0"]
[Termination "normal"]
[Board "16"]
[WhiteElo "1715"]
[BlackElo "1433"]
[PlyCount "73"]
[WhiteFideId "24613509"]
[EventCountry "GER"]
[EventRounds "11"]
[EventType "swiss"]
[EventDate "2004.05.29"]

1. d4 Nf6 2. Nf3 g6 3. c4 Bg7 4. Nc3 d6 5. Bg5 O-O 6. e3 Nbd7 7. Be2 c5 8. d5
a6 9. O-O Rb8 10. Qd2 Ne8 11. Rad1 Nc7 12. a4 Nf6 13. e4 Ng4 14. h3 Ne5 15.
Nxe5 Bxe5 16. f4 Bg7 17. e5 h6 18. exd6 Qxd6 19. Bh4 Re8 20. Ne4 Qb6 21. d6
Bd4+ 22. Kh1 exd6 23. Nf6+ Bxf6 24. Bxf6 Re6 25. Bc3 Ne8 26. f5 gxf5 27. Bh5
Ng7 28. Bxg7 Kxg7 29. Rxf5 Re1+ 30. Rxe1 Bxf5 31. Qf2 Bg6 32. Bxg6 Kxg6 33. Re3
Qc7 34. Rg3+ Kh7 35. Qf5+ Kh8 36. Qf6+ Kh7 37. Qg7# 1-0

[Event "DEM U12/U12w 2004"]
[Site "Willingen GER"]
[Date "2004.06.04"]
[Round "10"]
[White "Gröger, Eric"]
[Black "Orhan, Zilan"]
[Result "0-1"]
[Termination "normal"]
[Board "17"]
[WhiteElo "1428"]
[BlackElo "1626"]
[PlyCount "96"]
[BlackFideId "24624640"]
[EventCountry "GER"]
[EventRounds "11"]
[EventType "swiss"]
[EventDate "2004.05.29"]

1. d4 d5 2. c4 c6 3. Nc3 Nf6 4. Bg5 e6 5. Nf3 dxc4 6. a4 b5 7. e3 Bb4 8. Nd2
Bb7 9. Qf3 Nbd7 10. axb5 Qb6 11. bxc6 Bxc6 12. Nxc4 Qb7 13. Qf4 O-O 14. f3 Nd5
15. Qg3 Nxc3 16. Kf2 Nd5 17. Bh6 g6 18. Bxf8 Bxf8 19. Be2 Bb5 20. Rab1 a5 21.
h4 Qa6 22. h5 Bg7 23. hxg6 fxg6 24. Qh3 Nf8 25. Rhe1 Rc8 26. b3 Qa8 27. Ra1
Bxc4 28. bxc4 Nb4 29. Ra4 Rb8 30. Rea1 Nc6 31. R1a2 Rb4 32. f4 Rxa4 33. Rxa4
Qb8 34. Bg4 Qb2+ 35. Kg1 Qb3 36. Bxe6+ Kh8 37. Ra1 Nxd4 38. exd4 Qxh3 39. Bxh3
Bxd4+ 40. Kf1 Bxa1 41. c5 Bf6 42. c6 Bd8 43. Ke2 Kg7 44. Kd3 Kf7 45. Kd4 Ne6+
46. Ke4 Ke7 47. f5 Ng5+ 48. Ke5 Nxh3 0-1

[Event "DEM U12/U12w 2004"]
[Site "Willingen GER"]
[Date "2004.06.04"]
[Round "10"]
[White "Günnigmann, Manuel"]
[Black "Raykhman, Alexsander"]
[Result "1/2-1/2"]
[Termination "normal"]
[Board "18"]
[WhiteElo "1383"]
[BlackElo "1609"]
[PlyCount "120"]
[WhiteFideId "24640360"]
[EventCountry "GER"]
[EventRounds "11"]
[EventType "swiss"]
[EventDate "2004.05.29"]

1. e4 c5 2. Nf3 d6 3. d4 cxd4 4. Nxd4 Nf6 5. Nc3 a6 6. Be3 e6 7. f3 Be7 8. Qd2
b5 9. O-O-O Bb7 10. g4 Qc7 11. g5 Nfd7 12. h4 Nc6 13. h5 Nce5 14. Qf2 Nc4 15.
Bxc4 Qxc4 16. Kb1 O-O-O 17. Nb3 Kb8 18. Na5 Qc7 19. Nxb7 Kxb7 20. Rhg1 g6 21.
hxg6 hxg6 22. Bd4 Rh5 23. f4 b4 24. Ne2 Nb8 25. Rh1 Rxh1 26. Rxh1 Nc6 27. Be3
d5 28. e5 Qc8 29. Nd4 Nxd4 30. Bxd4 Rh8 31. Rh4 Qg8 32. Qh2 Rxh4 33. Qxh4 Bf8
34. Kc1 Bg7 35. Kd2 Qh8 36. Qxh8 Bxh8 37. Bc5 a5 38. Kd3 Kc6 39. Kd4 Bg7 40. b3
Kb5 41. Be7 Bh8 42. Bc5 Kc6 43. Be7 Kb5 44. Bc5 Bg7 45. Be7 Kc6 46. Bc5 Kb5 47.
Be7 Bh8 48. Bc5 Bg7 49. Be7 Kc6 50. Bc5 Kb5 51. Be7 Kc6 52. Bc5 Kb5 53. Be7 Kb6
54. Bc5+ Kc6 55. Be7 Kb5 56. Bc5 Kc6 57. Be7 Kd7 58. Bc5 Kc6 59. Be7 Kb5 60.
Bc5 Kc6 1/2-1/2

[Event "DEM U12/U12w 2004"]
[Site "Willingen GER"]
[Date "2004.06.04"]
[Round "10"]
[White "Frey, Alisa"]
[Black "Belger, Christian"]
[Result "0-1"]
[Termination "normal"]
[Board "19"]
[WhiteElo "1233"]
[BlackElo "1581"]
[PlyCount "128"]
[WhiteFideId "24634662"]
[BlackFideId "24622940"]
[EventCountry "GER"]
[EventRounds "11"]
[EventType "swiss"]
[EventDate "2004.05.29"]

1. e4 c5 2. Nf3 Nc6 3. d4 cxd4 4. Nxd4 g6 5. c4 Bg7 6. Nc2 Nf6 7. Nc3 O-O 8.
Be2 d6 9. O-O Be6 10. Ne3 Rc8 11. Rb1 Ne5 12. b3 a6 13. Bb2 Ned7 14. Ned5 Bxd5
15. exd5 Nc5 16. Bf3 Qd7 17. Qd2 b6 18. Rfe1 Rc7 19. h3 Qc8 20. Re2 Re8 21.
Rbe1 Qd8 22. Ba1 Nfd7 23. Be4 f5 24. Bc2 Ne5 25. f4 Bh6 26. Qd4 Nf7 27. g3 Bg7
28. Qd1 Nd7 29. Kh2 b5 30. c5 Rxc5 31. Qd2 Qc8 32. Re3 b4 33. Rf1 Bxc3 34. Bxc3
Rxc3 35. Rxc3 Qxc3 36. Qxc3 bxc3 37. Rf3 Nb6 38. Kg2 Nxd5 39. Kf2 Rc8 40. a3
Kg7 41. Ke2 Kf6 42. Kd3 e5 43. Ke2 e4 44. Rf1 Nb6 45. Rd1 d5 46. Ke3 Nd6 47. g4
Nb5 48. g5+ Ke6 49. a4 Na3 50. Rc1 Nxc2+ 51. Rxc2 Nxa4 52. bxa4 Rc4 53. a5 d4+
54. Kf2 Rb4 55. h4 Rb2 56. Re2 d3 57. Rxb2 cxb2 58. h5 b1=Q 59. h6 Qc2+ 60. Kg3
Qe2 61. Kh3 Qf3+ 62. Kh2 d2 63. Kg1 d1=Q+ 64. Kh2 Qdh1# 0-1

[Event "DEM U12/U12w 2004"]
[Site "Willingen GER"]
[Date "2004.06.04"]
[Round "10"]
[White "Dorn, Carina"]
[Black "Jung, Gerhard"]
[Result "1/2-1/2"]
[Termination "normal"]
[Board "20"]
[WhiteElo "1573"]
[BlackElo "1386"]
[PlyCount "52"]
[WhiteFideId "24666335"]
[BlackFideId "24629812"]
[EventCountry "GER"]
[EventRounds "11"]
[EventType "swiss"]
[EventDate "2004.05.29"]

1. d4 Nf6 2. Nf3 e6 3. c4 c5 4. Nc3 d5 5. cxd5 exd5 6. Bg5 c4 7. e4 dxe4 8.
Nxe4 Bb4+ 9. Nc3 Be6 10. Be2 O-O 11. O-O Bxc3 12. bxc3 h6 13. Bh4 Bd5 14. Ne5
b5 15. f4 Qd6 16. Bf3 Bxf3 17. Qxf3 Nbd7 18. Rfe1 Nd5 19. Qg3 N7f6 20. Bxf6
Nxf6 21. Re2 b4 22. Nxc4 Qa6 23. Qd3 Rac8 24. Ne5 Qxd3 25. Nxd3 bxc3 26. Rc1
Nd5 1/2-1/2

[Event "DEM U12/U12w 2004"]
[Site "Willingen GER"]
[Date "2004.06.04"]
[Round "10"]
[White "Eibl, Maximilian"]
[Black "Mertens, Pauline"]
[Result "1-0"]
[Termination "normal"]
[Board "21"]
[WhiteElo "1548"]
[BlackElo "1375"]
[PlyCount "107"]
[WhiteFideId "24620092"]
[BlackFideId "24671959"]
[EventCountry "GER"]
[EventRounds "11"]
[EventType "swiss"]
[EventDate "2004.05.29"]

1. e4 c5 2. Nc3 d6 3. f4 Nf6 4. Nf3 a6 5. a4 e6 6. Bc4 Be7 7. d3 b6 8. O-O Bb7
9. Qe1 O-O 10. Bb3 Nc6 11. Kh1 Qc7 12. h3 Rfe8 13. g4 Kh8 14. g5 Nd7 15. h4 g6
16. f5 exf5 17. Bxf7 Rf8 18. Be6 fxe4 19. Nxe4 Nce5 20. Nxe5 Bxe4+ 21. dxe4
Nxe5 22. b3 Rxf1+ 23. Qxf1 Bf8 24. Bd5 Rd8 25. Qxa6 Bg7 26. Bb2 Rf8 27. Rf1
Rxf1+ 28. Qxf1 Qb8 29. Kg2 Qc7 30. Qa6 Qb8 31. Qa8 Qxa8 32. Bxa8 Kg8 33. Bd5+
Kf8 34. Bc1 Nd7 35. Bd2 Ne5 36. c3 Nd3 37. b4 cxb4 38. cxb4 Bd4 39. Kf3 Ne5+
40. Ke2 Kg7 41. Be3 Bxe3 42. Kxe3 Nd7 43. a5 bxa5 44. bxa5 Nc5 45. Bc4 h6 46.
a6 Nxa6 47. Bxa6 hxg5 48. hxg5 Kf7 49. Kd4 Ke6 50. Bc4+ Ke7 51. Kd5 Kd7 52.
Bb5+ Ke7 53. Bc6 Kd8 54. Kxd6 1-0